[Event "Portugal Open 2020"]
[Site "Lisboa POR"]
[Date "2020.01.25"]
[Round "1.19"]
[White "BARTOLO, Filipe"]
[Black "CAMPORA, Daniel"]
[Result "0-1"]
[BlackElo "2420"]
[WhiteElo "1819"]
[LiveChessVersion "1.4.8"]

1. e4 {[%clk 1:30:55]} e5 {[%clk 1:30:54]} 2. Nf3 {[%clk 1:31:15]} Nc6
{[%clk 1:31:17]} 3. Bb5 {[%clk 1:31:42]} Nf6 {[%clk 1:31:40]} 4. d3
{[%clk 1:32:08]} d6 {[%clk 1:31:54]} 5. Nc3 {[%clk 1:31:32]} g6 {[%clk 1:32:05]}
6. Be3 {[%clk 1:31:01]} Bg7 {[%clk 1:32:28]} 7. Qd2 {[%clk 1:29:11]} Ng4
{[%clk 1:30:44]} 8. O-O-O {[%clk 1:27:13]} Nxe3 {[%clk 1:30:58]} 9. Qxe3
{[%clk 1:26:40]} O-O {[%clk 1:31:10]} 10. h4 {[%clk 1:26:49]} h5 {[%clk 1:31:13]}
11. Kb1 {[%clk 1:24:20]} Nd4 {[%clk 1:31:14]} 12. Bc4 {[%clk 1:24:19]} c6
{[%clk 1:31:32]} 13. Ng5 {[%clk 1:13:33]} b5 {[%clk 1:31:39]} 14. Bxf7+
{[%clk 1:07:01]} Rxf7 {[%clk 1:32:00]} 15. Nxf7 {[%clk 1:07:25]} Kxf7
{[%clk 1:32:26]} 16. f4 {[%clk 1:06:00]} exf4 {[%clk 1:31:37]} 17. Rdf1
{[%clk 1:02:30]} Kg8 {[%clk 1:28:06]} 18. Qxf4 {[%clk 1:01:11]} Qe7
{[%clk 1:27:52]} 19. Nd1 {[%clk 0:59:31]} Bg4 {[%clk 1:08:22]} 20. Rf2
{[%clk 0:46:40]} Rf8 {[%clk 1:05:27]} 21. Qe3 {[%clk 0:42:26]} Re8
{[%clk 0:56:51]} 22. Rhf1 {[%clk 0:22:05]} b4 {[%clk 0:53:58]} 23. Qe1
{[%clk 0:13:33]} Bxd1 {[%clk 0:50:56]} 24. Qxd1 {[%clk 0:13:13]} Qe5
{[%clk 0:49:56]} 25. Qc1 {[%clk 0:10:14]} Nb5 {[%clk 0:46:57]} 26. Rf7
{[%clk 0:07:03]} Re7 {[%clk 0:46:13]} 27. Rxe7 {[%clk 0:06:45]} Qxe7
{[%clk 0:46:37]} 28. Qf4 {[%clk 0:06:44]} Qe5 {[%clk 0:46:49]} 29. Qxe5
{[%clk 0:03:43]} Bxe5 {[%clk 0:47:12]} 30. a4 {[%clk 0:03:35]} bxa3
{[%clk 0:46:55]} 31. c4 {[%clk 0:03:48]} Nd4 {[%clk 0:47:19]} 32. bxa3
{[%clk 0:04:02]} a5 {[%clk 0:47:43]} 33. a4 {[%clk 0:03:54]} Kg7 {[%clk 0:47:23]}
34. Kc1 {[%clk 0:02:52]} Bf6 {[%clk 0:46:08]} 35. Kd2 {[%clk 0:02:08]} Bxh4
{[%clk 0:37:52]} 36. Ke3 {[%clk 0:01:41]} c5 {[%clk 0:35:17]} 37. Rb1
{[%clk 0:01:00]} Nc2+ {[%clk 0:35:10]} 38. Ke2 {[%clk 0:00:46]} Nb4
{[%clk 0:35:33]} 39. Rf1 {[%clk 0:00:38]} Bf6 {[%clk 0:35:46]} 40. Rf4
{[%clk 0:00:32]} Kf7 {[%clk 0:35:26]} 41. Rf3 {[%clk 0:00:31]} Ke6
{[%clk 0:35:27]} 42. Rf1 {[%clk 0:00:52]} g5 {[%clk 0:35:08]} 43. Rh1
{[%clk 0:00:35]} h4 {[%clk 0:35:29]} 44. Rc1 {[%clk 0:00:32]} Be5
{[%clk 0:35:30]} 45. Rf1 {[%clk 0:00:42]} Bf4 {[%clk 0:35:41]} 46. Rh1
{[%clk 0:00:45]} Ke5 {[%clk 0:35:58]} 47. Rb1 {[%clk 0:00:55]} Kd4
{[%clk 0:36:09]} 48. Rb3 {[%clk 0:01:04]} g4 {[%clk 0:35:58]} 49. Ra3
{[%clk 0:00:35]} h3 {[%clk 0:36:06]} 50. gxh3 {[%clk 0:00:50]} gxh3
{[%clk 0:36:24]} 51. Ra1 {[%clk 0:00:32]} h2 {[%clk 0:36:45]} 52. Kf3
{[%clk 0:00:38]} Be5 {[%clk 0:36:11]} 53. Rd1 {[%clk 0:00:33]} Nxd3
{[%clk 0:36:15]} 54. Ke2 {[%clk 0:00:46]} Kxe4 {[%clk 0:36:20]} 0-1

[Event "Portugal Open 2020"]
[Site "Lisboa POR"]
[Date "2020.01.25"]
[Round "1.20"]
[White "DAMASO, Rui"]
[Black "GOMES, Jose Luis"]
[Result "1-0"]
[BlackElo "1819"]
[WhiteElo "2420"]
[LiveChessVersion "1.4.8"]

1. e4 {[%clk 1:07:57]} e5 {[%clk 1:30:31]} 2. Nf3 {[%clk 1:08:18]} Nc6
{[%clk 1:30:54]} 3. Bb5 {[%clk 1:08:19]} Nf6 {[%clk 1:28:23]} 4. d3
{[%clk 1:08:13]} d6 {[%clk 1:27:46]} 5. O-O {[%clk 1:08:12]} Be7 {[%clk 1:27:02]}
6. c3 {[%clk 1:05:51]} O-O {[%clk 1:25:51]} 7. Nbd2 {[%clk 1:06:04]} a6
{[%clk 1:25:37]} 8. Ba4 {[%clk 1:05:23]} b5 {[%clk 1:24:58]} 9. Bc2
{[%clk 1:05:47]} Bb7 {[%clk 1:21:00]} 10. Re1 {[%clk 0:59:39]} h6
{[%clk 1:18:26]} 11. Nf1 {[%clk 0:58:29]} Re8 {[%clk 1:15:09]} 12. Ng3
{[%clk 0:58:21]} Bf8 {[%clk 1:14:46]} 13. d4 {[%clk 0:57:22]} Kh8
{[%clk 0:48:43]} 14. a4 {[%clk 0:51:59]} exd4 {[%clk 0:38:10]} 15. cxd4
{[%clk 0:51:25]} Nb4 {[%clk 0:38:12]} 16. Bb1 {[%clk 0:48:03]} c5
{[%clk 0:35:05]} 17. Bd2 {[%clk 0:46:51]} bxa4 {[%clk 0:30:38]} 18. d5
{[%clk 0:33:14]} a5 {[%clk 0:26:25]} 19. Bc3 {[%clk 0:32:28]} Ba6
{[%clk 0:18:59]} 20. Rxa4 {[%clk 0:29:22]} Bb5 {[%clk 0:18:06]} 21. Ra3
{[%clk 0:29:36]} Nd7 {[%clk 0:13:15]} 22. Nf5 {[%clk 0:21:36]} Ne5
{[%clk 0:11:50]} 23. Nxe5 {[%clk 0:19:31]} dxe5 {[%clk 0:12:02]} 24. Bd2
{[%clk 0:19:53]} Ra6 {[%clk 0:09:12]} 25. Rh3 {[%clk 0:20:09]} Bd7
{[%clk 0:07:42]} 26. g4 {[%clk 0:20:18]} Bxf5 {[%clk 0:05:57]} 27. gxf5
{[%clk 0:20:41]} Qf6 {[%clk 0:04:10]} 28. Kh1 {[%clk 0:20:15]} Rb8
{[%clk 0:03:40]} 29. Rg1 {[%clk 0:20:14]} Rbb6 {[%clk 0:02:43]} 30. Bg5
{[%clk 0:18:55]} Qd6 {[%clk 0:02:47]} 31. f6 {[%clk 0:14:48]} Qd7
{[%clk 0:02:28]} 32. fxg7+ {[%clk 0:12:51]} Bxg7 {[%clk 0:02:41]} 33. Rgg3
{[%clk 0:13:03]} Kh7 {[%clk 0:02:19]} 34. Be3 {[%clk 0:13:20]} Qe7
{[%clk 0:01:56]} 35. Qc1 {[%clk 0:13:27]} Rg6 {[%clk 0:01:51]} 36. Bxc5
{[%clk 0:13:01]} Qd7 {[%clk 0:01:40]} 37. Be3 {[%clk 0:11:36]} Rxg3
{[%clk 0:01:37]} 38. Rxg3 {[%clk 0:11:59]} Rg6 {[%clk 0:01:42]} 39. Kg2
{[%clk 0:12:06]} Bf8 {[%clk 0:01:35]} 40. Qc4 {[%clk 0:11:33]} Rxg3+
{[%clk 0:01:23]} 41. hxg3 {[%clk 0:11:57]} Qa4 {[%clk 0:01:22]} 42. Bd3
{[%clk 0:11:14]} Qd1 {[%clk 0:01:23]} 43. Be2 {[%clk 0:11:07]} 1-0

[Event "Portugal Open 2020"]
[Site "Lisboa POR"]
[Date "2020.01.25"]
[Round "1.21"]
[White "PINA, Tiago"]
[Black "BUTKIEWICZ, Lukasz"]
[Result "0-1"]
[BlackElo "2416"]
[WhiteElo "1816"]
[LiveChessVersion "1.4.8"]

1. e4 {[%clk 1:30:57]} c5 {[%clk 1:30:30]} 2. Nf3 {[%clk 1:31:16]} e6
{[%clk 1:30:45]} 3. d4 {[%clk 1:31:31]} cxd4 {[%clk 1:31:10]} 4. Nxd4
{[%clk 1:31:53]} Nc6 {[%clk 1:31:32]} 5. c4 {[%clk 1:32:01]} Nf6 {[%clk 1:31:52]}
6. Nc3 {[%clk 1:32:16]} Bb4 {[%clk 1:31:48]} 7. Nxc6 {[%clk 1:31:37]} bxc6
{[%clk 1:29:54]} 8. e5 {[%clk 1:30:47]} Ne4 {[%clk 1:27:57]} 9. Qd4
{[%clk 1:18:15]} Qa5 {[%clk 1:20:14]} 10. Bd2 {[%clk 1:16:19]} Nxd2
{[%clk 1:19:52]} 11. Kxd2 {[%clk 1:16:32]} O-O {[%clk 1:17:18]} 12. Bd3
{[%clk 1:07:44]} f5 {[%clk 1:15:22]} 13. a3 {[%clk 1:04:51]} Bc5 {[%clk 1:13:30]}
14. Qf4 {[%clk 1:04:04]} Qd8 {[%clk 1:13:17]} 15. h4 {[%clk 0:58:26]} d6
{[%clk 1:12:07]} 16. exd6 {[%clk 0:41:41]} Bxd6 {[%clk 1:12:07]} 17. Qe3
{[%clk 0:40:58]} e5 {[%clk 1:07:53]} 18. c5 {[%clk 0:29:58]} Bc7 {[%clk 1:07:58]}
19. Kc2 {[%clk 0:29:54]} Be6 {[%clk 1:07:24]} 20. Rad1 {[%clk 0:28:55]} Qf6
{[%clk 1:04:13]} 21. Kb1 {[%clk 0:21:35]} e4 22. Bc2 {[%clk 0:19:41]} Rab8
{[%clk 1:02:46]} 23. Ka1 {[%clk 0:18:30]} Rb7 {[%clk 0:59:40]} 24. Rb1
{[%clk 0:17:38]} Rfb8 {[%clk 0:59:19]} 25. g4 {[%clk 0:15:09]} Be5
{[%clk 0:55:27]} 26. g5 {[%clk 0:11:32]} Rxb2 {[%clk 0:42:18]} 27. Rxb2
{[%clk 0:07:00]} Bxc3 {[%clk 0:42:38]} 28. gxf6 {[%clk 0:07:06]} Bxb2+
{[%clk 0:43:03]} 29. Kb1 {[%clk 0:07:26]} Bxa3+ {[%clk 0:39:58]} 30. Bb3
{[%clk 0:05:53]} Rxb3+ {[%clk 0:38:48]} 31. Qxb3 {[%clk 0:06:14]} Bxb3
{[%clk 0:39:14]} 32. Rh3 {[%clk 0:06:33]} Bxc5 {[%clk 0:38:45]} 33. Rxb3
{[%clk 0:06:56]} Bxf2 {[%clk 0:37:47]} 34. Rb7 {[%clk 0:02:57]} gxf6
{[%clk 0:37:56]} 35. h5 {[%clk 0:03:16]} e3 {[%clk 0:37:20]} 36. Re7
{[%clk 0:01:04]} Kf8 {[%clk 0:36:49]} 37. Rxh7 {[%clk 0:01:15]} e2
{[%clk 0:37:07]} 38. Rh8+ {[%clk 0:01:26]} Kg7 {[%clk 0:37:27]} 0-1

[Event "Portugal Open 2020"]
[Site "Lisboa POR"]
[Date "2020.01.25"]
[Round "1.23"]
[White "ELIAS, Benjamim"]
[Black "GOLUCH, Piotr"]
[Result "0-1"]
[BlackElo "2413"]
[WhiteElo "1807"]
[LiveChessVersion "1.4.8"]

1. f4 {[%clk 1:30:16]} d5 {[%clk 1:30:28]} 2. c3 {[%clk 1:29:26]} c5
{[%clk 1:27:45]} 3. d3 {[%clk 1:29:29]} Nf6 {[%clk 1:26:49]} 4. g3
{[%clk 1:28:21]} Nc6 {[%clk 1:25:34]} 5. Nf3 {[%clk 1:28:44]} g6 {[%clk 1:25:51]}
6. Bg2 {[%clk 1:28:46]} Bg7 {[%clk 1:26:15]} 7. O-O {[%clk 1:25:17]} O-O
{[%clk 1:25:50]} 8. Kh1 {[%clk 1:12:51]} Re8 {[%clk 1:20:44]} 9. Be3
{[%clk 1:06:07]} b6 {[%clk 1:18:54]} 10. Bg1 {[%clk 1:05:05]} Bb7
{[%clk 1:18:53]} 11. Nbd2 {[%clk 0:56:00]} Qc7 {[%clk 1:09:18]} 12. Re1
{[%clk 0:50:08]} e5 {[%clk 1:07:07]} 13. fxe5 {[%clk 0:46:22]} Nxe5
{[%clk 1:07:32]} 14. Rc1 {[%clk 0:44:32]} Neg4 {[%clk 1:05:15]} 15. Nf1
{[%clk 0:44:06]} Bh6 {[%clk 1:00:39]} 16. Rc2 {[%clk 0:40:54]} Re6
{[%clk 0:59:58]} 17. e3 {[%clk 0:36:57]} Rae8 {[%clk 0:59:24]} 18. Qc1
{[%clk 0:32:36]} Nh5 {[%clk 0:58:58]} 19. Rce2 {[%clk 0:27:34]} f5
{[%clk 0:58:51]} 20. h3 {[%clk 0:25:06]} Ngf6 {[%clk 0:55:04]} 21. Bh2
{[%clk 0:24:30]} Qe7 {[%clk 0:54:56]} 22. Qc2 {[%clk 0:14:53]} g5
{[%clk 0:55:10]} 23. Ng1 {[%clk 0:12:00]} g4 {[%clk 0:53:14]} 24. b3
{[%clk 0:08:28]} gxh3 {[%clk 0:52:43]} 25. Nxh3 {[%clk 0:08:48]} Ng4
{[%clk 0:53:00]} 26. d4 {[%clk 0:07:56]} Rf8 {[%clk 0:51:32]} 27. Bf3
{[%clk 0:06:48]} Qf7 {[%clk 0:43:06]} 28. Bg1 {[%clk 0:05:29]} Ree8
{[%clk 0:41:07]} 29. Bh2 {[%clk 0:02:46]} Kh8 {[%clk 0:41:03]} 30. Qd3
{[%clk 0:02:26]} c4 {[%clk 0:41:04]} 31. Qc2 {[%clk 0:02:24]} cxb3
{[%clk 0:41:12]} 32. axb3 {[%clk 0:02:49]} Ba6 {[%clk 0:41:12]} 33. Bxg4
{[%clk 0:02:40]} fxg4 {[%clk 0:41:29]} 34. Rf2 {[%clk 0:02:50]} Nf6
{[%clk 0:40:03]} 35. Nf4 {[%clk 0:02:30]} Ne4 {[%clk 0:40:08]} 36. Rg2
{[%clk 0:02:30]} Qf5 {[%clk 0:38:07]} 37. Qa2 {[%clk 0:02:52]} Bxf4
{[%clk 0:37:45]} 38. Qxa6 {[%clk 0:01:48]} Bb8 {[%clk 0:37:50]} 39. Qa1
{[%clk 0:01:06]} Nf2+ {[%clk 0:37:57]} 40. Kg1 {[%clk 0:01:00]} Nh3+
{[%clk 0:36:45]} 41. Kh1 {[%clk 0:01:29]} Ng5 {[%clk 0:33:48]} 42. Qb1
{[%clk 0:01:08]} Ne4 {[%clk 0:32:28]} 43. Qc1 {[%clk 0:00:35]} Qh5
{[%clk 0:32:52]} 44. Kg1 {[%clk 0:00:36]} Re6 {[%clk 0:30:43]} 45. c4
{[%clk 0:00:54]} Rh6 {[%clk 0:30:42]} 46. Qc2 {[%clk 0:01:01]} Rhf6
{[%clk 0:27:36]} 47. cxd5 {[%clk 0:00:39]} Ng5 {[%clk 0:27:47]} 48. Qe2 0-1

[Event "Portugal Open 2020"]
[Site "Lisboa POR"]
[Date "2020.01.25"]
[Round "1.27"]
[White "SANTOS, Isabel P"]
[Black "SARKAR, Justin"]
[Result "0-1"]
[BlackElo "2385"]
[WhiteElo "1782"]
[LiveChessVersion "1.4.8"]

1. d4 {[%clk 1:24:09]} d5 {[%clk 1:28:45]} 2. c4 {[%clk 1:24:34]} dxc4
{[%clk 1:28:32]} 3. Nf3 {[%clk 1:24:48]} a6 {[%clk 1:28:30]} 4. a4
{[%clk 1:24:54]} Nc6 {[%clk 1:28:15]} 5. e3 {[%clk 1:22:55]} Bg4 {[%clk 1:21:30]}
6. Bxc4 {[%clk 1:18:02]} e6 {[%clk 1:21:49]} 7. O-O {[%clk 1:17:48]} Nf6
{[%clk 1:21:50]} 8. Nc3 {[%clk 1:17:03]} Bd6 {[%clk 1:22:00]} 9. h3
{[%clk 1:11:57]} Bh5 {[%clk 1:22:12]} 10. Re1 {[%clk 0:55:08]} O-O
{[%clk 1:20:16]} 11. Be2 {[%clk 0:53:47]} Qe7 {[%clk 1:17:26]} 12. Qc2
{[%clk 0:46:38]} Rad8 {[%clk 1:11:22]} 13. b3 e5 {[%clk 1:08:06]} 14. dxe5
{[%clk 0:40:14]} Nxe5 {[%clk 1:08:22]} 15. Nd4 Bg6 {[%clk 1:07:42]} 16. Qb2
{[%clk 0:33:32]} c5 {[%clk 1:05:11]} 17. Nf3 {[%clk 0:33:39]} Nxf3+
{[%clk 1:04:02]} 18. Bxf3 {[%clk 0:33:58]} Be5 {[%clk 1:04:03]} 19. Bd2
{[%clk 0:29:54]} b5 {[%clk 1:01:34]} 20. axb5 {[%clk 0:22:01]} axb5
{[%clk 1:01:55]} 21. Qa2 {[%clk 0:19:49]} b4 {[%clk 1:01:41]} 22. Ne2
{[%clk 0:20:04]} Bxa1 {[%clk 1:01:25]} 23. Rxa1 {[%clk 0:20:31]} Ne4
{[%clk 0:58:31]} 24. Be1 {[%clk 0:20:27]} Ng5 {[%clk 0:58:06]} 25. Bc6
{[%clk 0:18:16]} Qf6 {[%clk 0:50:41]} 26. Bb5 {[%clk 0:15:47]} Be4
{[%clk 0:45:23]} 27. f4 {[%clk 0:13:12]} Ra8 {[%clk 0:43:41]} 28. Ba4
{[%clk 0:13:37]} Ne6 {[%clk 0:44:03]} 29. Rc1 {[%clk 0:12:40]} Bc6
{[%clk 0:36:23]} 30. Bxb4 {[%clk 0:07:48]} Qg6 {[%clk 0:34:24]} 31. Bxc5
{[%clk 0:07:22]} Qxg2# {[%clk 0:34:32]} 0-1

[Event "Portugal Open 2020"]
[Site "Lisboa POR"]
[Date "2020.01.25"]
[Round "1.28"]
[White "BASHIRLI, Nail"]
[Black "FIELDING, Michael"]
[Result "1-0"]
[BlackElo "1781"]
[WhiteElo "2379"]
[LiveChessVersion "1.4.8"]

1. e4 {[%clk 1:30:00]} c6 {[%clk 1:30:54]} 2. Nc3 {[%clk 1:30:14]} d5
{[%clk 1:31:14]} 3. Nf3 {[%clk 1:30:33]} Bg4 {[%clk 1:31:32]} 4. h3
{[%clk 1:30:55]} Bh5 {[%clk 1:31:47]} 5. exd5 {[%clk 1:25:12]} cxd5
{[%clk 1:31:55]} 6. g4 {[%clk 1:25:40]} Bg6 {[%clk 1:32:14]} 7. Ne5
{[%clk 1:26:06]} Nc6 {[%clk 1:31:30]} 8. Bb5 {[%clk 1:25:49]} Rc8
{[%clk 1:31:15]} 9. Qf3 {[%clk 1:25:59]} e6 {[%clk 1:27:06]} 10. h4
{[%clk 1:25:17]} Bd6 {[%clk 1:15:58]} 11. Nxc6 {[%clk 1:24:46]} bxc6
{[%clk 1:16:09]} 12. Be2 {[%clk 1:04:11]} h5 {[%clk 1:08:26]} 13. d3
{[%clk 1:03:27]} Qf6 {[%clk 1:02:43]} 14. Qg2 {[%clk 0:58:01]} hxg4
{[%clk 0:53:00]} 15. Bg5 {[%clk 0:56:54]} Qd4 {[%clk 0:50:46]} 16. Bxg4
{[%clk 0:51:31]} Qe5+ {[%clk 0:44:47]} 17. Kf1 {[%clk 0:49:16]} Nf6
{[%clk 0:35:36]} 18. Re1 {[%clk 0:46:26]} Qd4 {[%clk 0:35:55]} 19. Bxf6
{[%clk 0:45:09]} Qxf6 {[%clk 0:35:23]} 20. Rh3 {[%clk 0:43:23]} Kd8
{[%clk 0:27:59]} 21. Rf3 {[%clk 0:42:36]} Bf5 {[%clk 0:26:44]} 22. h5
{[%clk 0:41:50]} Kc7 {[%clk 0:20:16]} 23. Ne4 {[%clk 0:34:15]} Qe7
{[%clk 0:16:32]} 24. Nxd6 {[%clk 0:31:49]} Qxd6 {[%clk 0:13:19]} 25. Bxf5
{[%clk 0:32:15]} exf5 {[%clk 0:13:34]} 26. Qxg7 {[%clk 0:31:18]} Qd7
{[%clk 0:13:28]} 27. Qe5+ {[%clk 0:31:39]} Kb6 {[%clk 0:12:30]} 28. Qxf5
{[%clk 0:32:01]} Qd6 {[%clk 0:08:54]} 29. Qe5 {[%clk 0:32:23]} Qd7
{[%clk 0:08:08]} 30. Qd4+ {[%clk 0:32:45]} Ka6 {[%clk 0:05:27]} 31. Qa4+
{[%clk 0:33:01]} Kb7 {[%clk 0:05:38]} 32. Qb4+ {[%clk 0:33:25]} 1-0

[Event "Portugal Open 2020"]
[Site "Lisboa POR"]
[Date "2020.01.25"]
[Round "1.29"]
[White "CHAVEZ DULCE, Angie"]
[Black "LOFFFNER, Stefan"]
[Result "0-1"]
[BlackElo "2376"]
[WhiteElo "1771"]
[LiveChessVersion "1.4.8"]

1. e4 {[%clk 1:30:54]} c5 {[%clk 1:27:26]} 2. Nf3 {[%clk 1:30:46]} Nc6
{[%clk 1:27:51]} 3. d4 {[%clk 1:30:18]} cxd4 {[%clk 1:28:17]} 4. Nxd4
{[%clk 1:30:35]} Qb6 {[%clk 1:28:44]} 5. c3 {[%clk 1:28:48]} Nf6 {[%clk 1:28:35]}
6. Nxc6 {[%clk 1:25:51]} dxc6 {[%clk 1:11:15]} 7. Qc2 {[%clk 1:20:43]} g6
{[%clk 1:07:40]} 8. Be3 {[%clk 1:18:29]} Qc7 {[%clk 1:07:32]} 9. h3
{[%clk 1:15:31]} Bg7 {[%clk 1:06:27]} 10. Bd3 {[%clk 1:07:32]} Nh5
{[%clk 0:59:18]} 11. Qc1 {[%clk 0:55:32]} e5 {[%clk 0:57:53]} 12. Nd2
{[%clk 0:52:35]} O-O {[%clk 0:56:44]} 13. Nf3 {[%clk 0:49:29]} f5
{[%clk 0:45:28]} 14. exf5 {[%clk 0:47:42]} gxf5 {[%clk 0:44:56]} 15. Bc4+
{[%clk 0:44:47]} Kh8 {[%clk 0:45:21]} 16. O-O {[%clk 0:43:32]} e4
{[%clk 0:41:42]} 17. Nh2 {[%clk 0:28:28]} f4 {[%clk 0:38:09]} 18. Bd4
{[%clk 0:24:16]} Bxd4 {[%clk 0:36:03]} 19. cxd4 {[%clk 0:24:37]} Qg7
{[%clk 0:36:14]} 20. Kh1 {[%clk 0:23:44]} Qxd4 {[%clk 0:31:11]} 21. Bb3
{[%clk 0:19:05]} Bf5 {[%clk 0:23:53]} 22. Bd1 {[%clk 0:15:59]} Bg6
{[%clk 0:24:05]} 23. Ng4 {[%clk 0:14:44]} Rfe8 {[%clk 0:15:57]} 24. Re1
{[%clk 0:13:27]} e3 {[%clk 0:14:24]} 25. fxe3 {[%clk 0:12:48]} fxe3
{[%clk 0:14:50]} 26. Rxe3 {[%clk 0:11:33]} Ng3+ {[%clk 0:14:50]} 27. Kg1
{[%clk 0:10:03]} h5 {[%clk 0:13:39]} 28. Qc3 {[%clk 0:07:31]} Qxc3
{[%clk 0:12:41]} 29. Rxc3 {[%clk 0:07:40]} Ne4 {[%clk 0:12:59]} 30. Rb3
{[%clk 0:06:57]} hxg4 {[%clk 0:13:09]} 31. Bxg4 {[%clk 0:07:07]} Nc5
{[%clk 0:11:33]} 32. Rc3 {[%clk 0:06:29]} Re5 {[%clk 0:11:57]} 33. Rd1
{[%clk 0:05:40]} Rae8 {[%clk 0:10:41]} 34. Kf1 {[%clk 0:04:11]} a5
{[%clk 0:09:17]} 35. Bf3 {[%clk 0:03:21]} Na4 {[%clk 0:09:23]} 36. Rc4
{[%clk 0:01:27]} Nxb2 {[%clk 0:09:31]} 37. Rh4+ {[%clk 0:01:54]} Kg8
{[%clk 0:08:57]} 38. Rd7 {[%clk 0:01:25]} Nd3 {[%clk 0:09:16]} 39. Kg1
{[%clk 0:01:19]} R8e7 {[%clk 0:06:58]} 0-1

[Event "Portugal Open 2020"]
[Site "Lisboa POR"]
[Date "2020.01.25"]
[Round "1.31"]
[White "AGUIAR, Carlos"]
[Black "GONZALEZ TRIGAL, Jose Luis"]
[Result "0-1"]
[BlackElo "2369"]
[WhiteElo "1764"]
[LiveChessVersion "1.4.8"]

1. d4 {[%clk 1:30:57]} Nf6 {[%clk 1:30:52]} 2. c4 {[%clk 1:31:15]} e6
{[%clk 1:31:14]} 3. Nf3 {[%clk 1:31:34]} b6 {[%clk 1:31:27]} 4. Nc3
{[%clk 1:31:38]} Bb7 {[%clk 1:31:30]} 5. Bg5 {[%clk 1:30:51]} d5 {[%clk 1:29:46]}
6. cxd5 {[%clk 1:30:50]} exd5 {[%clk 1:30:07]} 7. e3 {[%clk 1:30:57]} Be7
{[%clk 1:28:31]} 8. Rc1 {[%clk 1:30:59]} O-O {[%clk 1:27:48]} 9. Bd3
{[%clk 1:31:04]} Nbd7 {[%clk 1:25:50]} 10. O-O {[%clk 1:31:01]} c5
{[%clk 1:24:09]} 11. Bb1 {[%clk 1:30:43]} Re8 {[%clk 1:20:03]} 12. h3
{[%clk 1:28:29]} Rc8 {[%clk 1:11:41]} 13. Ne2 {[%clk 1:23:02]} Ne4
{[%clk 1:08:01]} 14. Bxe7 {[%clk 1:23:11]} Qxe7 {[%clk 1:08:26]} 15. dxc5
{[%clk 1:23:16]} bxc5 {[%clk 1:07:52]} 16. Bxe4 {[%clk 1:14:11]} Qxe4
{[%clk 1:07:07]} 17. Ng3 {[%clk 1:14:13]} Qe6 {[%clk 1:03:33]} 18. Re1
{[%clk 1:12:08]} g6 {[%clk 1:00:55]} 19. Qa4 {[%clk 1:09:19]} a6 {[%clk 0:50:17]}
20. Rcd1 {[%clk 1:02:28]} Bc6 {[%clk 0:47:25]} 21. Qc2 {[%clk 0:59:47]} Qe7
{[%clk 0:40:10]} 22. Rd2 {[%clk 0:51:00]} Nf6 {[%clk 0:38:22]} 23. Rc1
{[%clk 0:47:22]} Bb7 {[%clk 0:37:23]} 24. Nh2 {[%clk 0:46:00]} h5
{[%clk 0:36:17]} 25. Ne2 {[%clk 0:45:52]} Ne4 {[%clk 0:31:51]} 26. Rdd1
{[%clk 0:44:11]} Nxf2 {[%clk 0:22:58]} 27. Kxf2 {[%clk 0:41:25]} Qxe3+
{[%clk 0:23:23]} 28. Kf1 {[%clk 0:41:24]} d4 {[%clk 0:23:49]} 29. Qd3
{[%clk 0:41:11]} Qg5 {[%clk 0:18:26]} 30. Qg3 {[%clk 0:40:54]} Qd5
{[%clk 0:12:17]} 31. Nf4 {[%clk 0:38:57]} Qf5 {[%clk 0:12:39]} 32. Nf3
{[%clk 0:36:08]} Re4 {[%clk 0:09:17]} 33. Nd3 {[%clk 0:32:19]} Re3
{[%clk 0:09:46]} 34. Nde1 {[%clk 0:30:03]} Rce8 {[%clk 0:09:39]} 35. Kg1
{[%clk 0:29:34]} Re2 {[%clk 0:07:34]} 36. b4 {[%clk 0:28:39]} Qe6
{[%clk 0:03:45]} 37. Rxc5 {[%clk 0:25:02]} Qxa2 {[%clk 0:02:40]} 38. Rg5
{[%clk 0:21:49]} Qb3 {[%clk 0:01:30]} 39. Rd3 {[%clk 0:11:32]} Rxe1+
{[%clk 0:00:55]} 40. Nxe1 {[%clk 0:11:50]} Rxe1+ {[%clk 0:01:23]} 41. Qxe1
{[%clk 0:12:00]} Qxd3 {[%clk 0:01:52]} 42. Qe8+ {[%clk 0:06:35]} Kg7
{[%clk 0:02:21]} 43. Qe5+ {[%clk 0:06:29]} Kg8 {[%clk 0:02:45]} 44. Qe8+
{[%clk 0:06:23]} Kg7 {[%clk 0:03:14]} 45. Qe5+ {[%clk 0:06:20]} Kh7
{[%clk 0:01:14]} 46. Rg3 {[%clk 0:03:59]} Qb1+ {[%clk 0:01:16]} 47. Kh2
{[%clk 0:04:18]} Qxb4 {[%clk 0:01:22]} 48. Rd3 {[%clk 0:02:08]} Qb2
{[%clk 0:01:46]} 49. Qg3 {[%clk 0:02:21]} Be4 {[%clk 0:01:32]} 50. Rb3
{[%clk 0:02:23]} Qe2 {[%clk 0:01:29]} 51. Ra3 {[%clk 0:01:58]} d3
{[%clk 0:01:26]} 52. Rxa6 {[%clk 0:01:04]} d2 {[%clk 0:01:47]} 53. Rf6
{[%clk 0:00:56]} Bd5 {[%clk 0:01:14]} 54. Rf2 {[%clk 0:00:45]} d1=Q
{[%clk 0:01:20]} 0-1

[Event "Portugal Open 2020"]
[Site "Lisboa POR"]
[Date "2020.01.25"]
[Round "1.32"]
[White "SABUK, Piotr"]
[Black "ZILLES, Paul"]
[Result "1-0"]
[BlackElo "1761"]
[WhiteElo "2360"]
[LiveChessVersion "1.4.8"]

1. d4 {[%clk 1:30:56]} d5 {[%clk 1:30:40]} 2. c4 {[%clk 1:31:04]} e5
{[%clk 1:30:27]} 3. dxe5 {[%clk 1:29:46]} d4 {[%clk 1:30:49]} 4. a3
{[%clk 1:24:33]} Nc6 {[%clk 1:28:41]} 5. e3 {[%clk 1:24:32]} Nge7
{[%clk 1:27:06]} 6. Nf3 {[%clk 1:20:53]} Bg4 {[%clk 1:22:46]} 7. h3
{[%clk 0:53:19]} Bxf3 {[%clk 1:19:30]} 8. Qxf3 {[%clk 0:52:49]} dxe3
{[%clk 1:19:27]} 9. Bxe3 {[%clk 0:51:56]} Ng6 {[%clk 1:15:29]} 10. Nc3
{[%clk 0:48:07]} Ngxe5 {[%clk 1:12:40]} 11. Qe4 {[%clk 0:47:32]} Be7
{[%clk 1:07:58]} 12. Rd1 {[%clk 0:45:03]} Qc8 {[%clk 1:05:36]} 13. Nd5
{[%clk 0:44:05]} f5 {[%clk 1:00:37]} 14. Qc2 {[%clk 0:42:13]} O-O
{[%clk 0:59:02]} 15. Be2 {[%clk 0:41:58]} Bf6 {[%clk 0:55:53]} 16. O-O
{[%clk 0:41:17]} Rf7 {[%clk 0:48:06]} 17. Rfe1 {[%clk 0:38:14]} Ne7
{[%clk 0:44:46]} 18. Bh5 {[%clk 0:26:37]} N5g6 {[%clk 0:41:20]} 19. Nxf6+
{[%clk 0:20:39]} Rxf6 {[%clk 0:38:49]} 20. Bd4 {[%clk 0:20:54]} Re6
{[%clk 0:37:31]} 21. Qc3 {[%clk 0:18:59]} Rxe1+ {[%clk 0:36:21]} 22. Qxe1
{[%clk 0:14:59]} b6 {[%clk 0:33:06]} 23. Bc3 {[%clk 0:13:21]} c5 {[%clk 0:31:21]}
24. Bf3 {[%clk 0:13:01]} Rb8 {[%clk 0:30:51]} 25. h4 {[%clk 0:12:49]} Qf8
{[%clk 0:27:14]} 26. Rd7 {[%clk 0:10:43]} 1-0